The spy's secret / (Record no. 4716)
[ view plain ]
| 000 -LEADER | |
|---|---|
| fixed length control field | 01150nam a22003017a 4500 |
| 001 - CONTROL NUMBER | |
| control field | 4716 |
| 003 - CONTROL NUMBER IDENTIFIER | |
| control field | FISKH |
| 005 - DATE AND TIME OF LATEST TRANSACTION | |
| control field | 20240925100533.0 |
| 008 - FIXED-LENGTH DATA ELEMENTS--GENERAL INFORMATION | |
| fixed length control field | 240925b cb ||||| |||| 00| 0 eng d |
| 020 ## - INTERNATIONAL STANDARD BOOK NUMBER | |
| International Standard Book Number | 9780545822060 |
| 040 ## - CATALOGING SOURCE | |
| Original cataloging agency | FISKH |
| Language of cataloging | eng |
| Transcribing agency | FISKH |
| Modifying agency | FISKH |
| 050 ## - LIBRARY OF CONGRESS CALL NUMBER | |
| Classification number | PZ7.L979135 |
| 082 ## - DEWEY DECIMAL CLASSIFICATION NUMBER | |
| Edition number | 813.6 |
| 100 ## - MAIN ENTRY--PERSONAL NAME | |
| Personal name | Luper, Eric |
| 245 ## - TITLE STATEMENT | |
| Title | The spy's secret / |
| Statement of responsibility, etc. | by Eric Luper illustrated by Lisa K.Weber |
| 250 ## - EDITION STATEMENT | |
| Edition statement | First printing in 2016 |
| 260 ## - PUBLICATION, DISTRIBUTION, ETC. | |
| Place of publication, distribution, etc. | New York : |
| Name of publisher, distributor, etc. | Scholastic, |
| Date of publication, distribution, etc. | 2016. |
| 300 ## - PHYSICAL DESCRIPTION | |
| Extent | 124 pages : |
| Other physical details | illustrations ; |
| Dimensions | 20cm. |
| 505 ## - FORMATTED CONTENTS NOTE | |
| Formatted contents note | N<br/> |
| 520 ## - SUMMARY, ETC. | |
| Summary, etc. | In their second trip through the enchanted library, the new key lands Cleo and Evan in the middle of a spy story, where their impossible mission is to stop a traitor who calls himself Viper--and they find themselves working with the replacement librarian, Ms. Crowley, whose exact role in their adventures is becoming increasingly mysterious. |
| 521 8# - TARGET AUDIENCE NOTE | |
| Target audience note | 560L<br/> |
| Source | Lexile<br/> |
| 521 8# - TARGET AUDIENCE NOTE | |
| Target audience note | N<br/> |
| Source | Raz-Plus<br/> |
| 650 ## - SUBJECT ADDED ENTRY--TOPICAL TERM | |
| Source of heading or term | Adventure |
| Topical term or geographic name entry element | Key Hunters Series |
| 650 ## - SUBJECT ADDED ENTRY--TOPICAL TERM | |
| Source of heading or term | Mystery |
| Topical term or geographic name entry element | Sharks |
| 700 ## - ADDED ENTRY--PERSONAL NAME | |
| Personal name | K.weber, Lisa |
| Dates associated with a name | Illustrator |
| 942 ## - ADDED ENTRY ELEMENTS (KOHA) | |
| Source of classification or shelving scheme | Dewey Decimal Classification |
| Koha item type | Books |
| Suppress in OPAC | No |
| Withdrawn status | Lost status | Source of classification or shelving scheme | Damaged status | Not for loan | Collection | Home library | Current library | Shelving location | Date acquired | Total Checkouts | Full call number | Barcode | Date last seen | Date last checked out | Copy number | Price effective from | Koha item type |
|---|---|---|---|---|---|---|---|---|---|---|---|---|---|---|---|---|---|
| Dewey Decimal Classification | Fiction | Footprints International School Library Network Toul Kork Campus | Footprints International School Library Network Toul Tom Poung Campus | TTP Primary Yellow Bookshelves | 09/25/2024 | 1 | LUP 813.6 PZ7.L979135 | 2024-2074 | 09/03/2025 | 08/20/2025 | 1 | 09/25/2024 | Books |
